00569cam a22001932 4500001001100000005001700011008004100028020001700069040001500086050002400101100003500125245008100160250001200241260003400253300001800287650003500305700003200340852000300372000002383720151217145944.0130403s xx 000 0 eng d a0123740134 : aKABUcKABU 0aTK5105.5b.P48 20071 aPeterson, Larry L.@000014821510aComputer networks :ba system approach /cLarry Peterson and Bruce S. Davie. a4th ed. aNew Delhi :bElsevier,c2007. axxvii, 813 p. 0aComputer networks.@00001482141 aDavie, Bruce S.@00001482161